SURVEYING (Record no. 4504)
[ view plain ]
| 000 -LEADER | |
|---|---|
| fixed length control field | 00342nam a22001457a 4500 |
| 008 - FIXED-LENGTH DATA ELEMENTS--GENERAL INFORMATION | |
| fixed length control field | 251118b |||||||| |||| 00| 0 eng d |
| 020 ## - INTERNATIONAL STANDARD BOOK NUMBER | |
| ISBN | 9788189401238 |
| 100 ## - MAIN ENTRY--AUTHOR | |
| Author | Arora,K.R. |
| 245 ## - TITLE STATEMENT | |
| Title | SURVEYING |
| 250 ## - EDITION STATEMENT | |
| Edition statement | 15th ed. VOL.1 |
| 260 ## - PUBLICATION, DISTRIBUTION, ETC. (IMPRINT) | |
| Place of publication | Delhi |
| Name of publisher | Standard Book House |
| Date of publication | 2015 |
| 300 ## - COLLATION | |
| Pagination | xiv,690p. |
| 942 ## - ADDED ENTRY ELEMENTS (KOHA) | |
| Item type | Books |
| 050 ## - LIBRARY OF CONGRESS CALL NUMBER | |
| Classification number | TA545 |
| Item number | .A76 |
| Source of classification or shelving scheme | Not for loan | Permanent location | Current location | Date acquired | Accession No. | Full call number | Barcode. | Koha item type |
|---|---|---|---|---|---|---|---|---|
| Library of Congress Classification | Environmental Sciences Library | Environmental Sciences Library | 11/18/2025 | 2025/65054 | TA545 .A76 | 2025-3291 | Books |